MARC

LEADER 00000nam0a2200000 4500
001 356699
005 20231102010923.0
035 |a (RuTPU)RU\TPU\retro\13959 
090 |a 356699 
100 |a 20200723d1973 k y0rusy50 ca 
101 0 |a rus 
102 |a RU 
105 |a y z 001zy 
200 1 |a Аналитическая химия  |h Т. 1  |i Аналитическая химия бора и его соединений  |f А. А. Немодрук, Б. А. Маноле  |g Академия наук СССР, Всесоюзный институт научной и технической информации 
210 |a Москва  |c Изд-во ВИНИТИ  |d 1973 
215 |a 106 с. 
225 1 |a Итоги науки и техники 
225 1 |a Аналитическая химия 
320 |a Библиогр.: с. 84-105 
606 1 |a Аналитическая химия  |2 stltpush  |3 (RuTPU)RU\TPU\subj\67454  |9 83247 
606 1 |a Бор, соединения  |x Химический анализ  |2 stltpush  |3 (RuTPU)RU\TPU\subj\30071 
610 1 |a физические методы 
610 1 |a физико-химические методы 
610 1 |a определение 
610 1 |a сопутствующие элементы 
610 1 |a борсодержащие материалы 
610 1 |a анализ 
675 |a 543  |v 3 
675 |a 546.27  |v 3 
700 1 |a Немодрук  |b А. А. 
701 1 |a Маноле  |b Б. А. 
712 0 2 |a Академия наук СССР  |b Всесоюзный институт научной и технической информации  |c (Москва)  |c (1955-1991)  |2 stltpush  |3 (RuTPU)RU\TPU\col\8361  |9 24513 
801 1 |a RU  |b 63413507  |c 20200723 
801 2 |a RU  |b 63413507  |c 20210421  |g RCR 
942 |c BK